[Event "BEL-chT 2324"]
[Site "Belgium"]
[Date "2023.12.03"]
[Round "5.7"]
[White "De Feijter, Bas"]
[Black "Barbier, Francois"]
[Result "1-0"]
[WhiteElo "2195"]
[BlackElo "1458"]
[PlyCount "83"]
[EventDate "2023.09.24"]
[EventType "team-tourn"]
[EventRounds "11"]
[EventCountry "BEL"]
[SourceTitle "EXT 2025"]
[Source "ChessBase"]
[SourceDate "2024.10.14"]
[SourceVersion "1"]
[SourceVersionDate "2024.10.14"]
[SourceQuality "1"]
[WhiteTeam "Wetteren"]
[BlackTeam "Namur"]
[WhiteTeamCountry "BEL"]
[BlackTeamCountry "BEL"]

1. d4 d5 2. c4 Nf6 3. cxd5 Nxd5 4. e4 Nb6 5. Nc3 g6 6. Be3 Bg7 7. h3 0-0 8. Nf3 a6 9. Be2 Nc6 10. 0-0 Bd7 11. Qd2 e5 12. d5 Ne7 13. Rfd1 Nbc8 14. Ne1 Nd6 15. f4 f5 16. fxe5 Bxe5 17. Bh6 Re8 18. Nf3 Nf7 19. Nxe5 Nxe5 20. Bg5 Nf7 21. Bf6 h6 22. e5 Kh7 23. e6 Bxe6 24. dxe6 Qxd2 25. Rxd2 Nd8 26. Bxe7 Rxe7 27. Rd7 Rxd7 28. exd7 Ne6 29. Bc4 Nc5 30. Re1 Rf8 31. Re7+ Kh8 32. b4 Nxd7 33. Rxd7 Rc8 34. Nd5 Rf8 35. Nxc7 Rc8 36. Bd5 b6 37. Bb7 Rf8 38. Bxa6 f4 39. Bb7 Rf6 40. a4 g5 41. a5 bxa5 42. bxa5 1-0